| 000 | 00463nam a2200109Ia 4500 | ||
|---|---|---|---|
| 008 | 160909s9999 xx 000 0 und d | ||
| 100 | _aSurvant, Cerinda, | ||
| 245 | _a(Re)Presenting Peoples and Storied Lands: Public Presentation of Archaeology and Representation of Native Americans in Selected Western U.S. Protected Areas | ||
| 260 |
_bPortland State University. _c2016 |
||
| 650 | _aTOURISM | ||
| 856 | _uhttp://pqdtopen.proquest.com/doc/1807934716.html?FMT=ABS | ||
| 999 |
_c304882 _d304882 |
||